Evaluation and Comparison of B2C E-Commerce Intensity in EU Member States

Návrh nástroja na hodnotenie a porovnanie intenzity elektronického obchodu B2C (business-to-consumer) v ekonomikách štátov. Aká je pozícia jednotlivých členských štátov EÚ z hľadiska intenzity elektronického obchodu B2C? Existuje súvislosť medzi intenzitou elektronického obchodu B2C a úrovňou hospod...

Descrizione completa

Salvato in:
Dettagli Bibliografici
Autore principale: Kunešová, Hana
Altri autori: Eger, Ludvík
Natura: Capitolo di libro
Lingua:inglese
Soggetti:
Tags: Aggiungi Tag
Nessun Tag, puoi essere il primo ad aggiungerne!!

MARC

LEADER 00000naa a2200000 4500
001 0242747
005 20220719115451.1
041 0 |a eng 
044 |a CZ 
245 1 0 |a Evaluation and Comparison of B2C E-Commerce Intensity in EU Member States  |c Hana Kunešová, Ludvík Eger 
520 |a Návrh nástroja na hodnotenie a porovnanie intenzity elektronického obchodu B2C (business-to-consumer) v ekonomikách štátov. Aká je pozícia jednotlivých členských štátov EÚ z hľadiska intenzity elektronického obchodu B2C? Existuje súvislosť medzi intenzitou elektronického obchodu B2C a úrovňou hospodárskeho rozvoja členských štátov EÚ? Existuje vzájomná súvislosť medzi intenzitou elektronického obchodu B2C a dĺžkou členstva v krajinách EÚ? 
610 2 0 |a Európska únia 
610 2 0 |a podnikatelia 
610 2 0 |a zákazníci 
610 2 0 |a obchod elektronický 
610 2 0 |a porovnanie medzinárodné 
610 2 0 |a porovnanie štatistické medzinárodné 
610 2 0 |a nástroje marketingové 
610 2 0 |a analýza komparatívna 
100 1 |a Kunešová, Hana 
700 1 |a Eger, Ludvík